|
|
|
|
| LEADER |
00000nam a2200000 a 4500 |
| 001 |
vtls001397410 |
| 003 |
SK-MaSNL |
| 005 |
20260301161755.0 |
| 008 |
251113s1999 YU bc r 0 scc |
| 020 |
|
|
|c [89,00]
|
| 035 |
|
|
|a SNK000351814
|
| 040 |
|
|
|a SNK
|b slo
|c SNK
|e AACR2
|
| 044 |
|
|
|a YU
|
| 080 |
|
|
|a 808.61/.62(091)
|2 1981
|
| 100 |
1 |
|
|a Kostić, Lazo M.,
|d 1897-1979
|4 aut
|9 199289
|
| 245 |
1 |
0 |
|a Kradja srpskog jezika
|b (kulturno-istorijska studija)
|c Lazo M. Kostić
|
| 260 |
|
|
|a Novi Sad
|b Dobrica knjiga
|c 1999
|
| 300 |
|
|
|a 132 s.
|c 20 cm
|
| 490 |
1 |
|
|a Biblioteka Odglas
|v kn. 11
|
| 650 |
0 |
7 |
|a srbochorvátčina
|2 SNK
|9 49273
|
| 830 |
|
0 |
|a Biblioteka Odglas
|9 525283
|
| 999 |
|
|
|c 810751
|d 812681
|
| 952 |
|
|
|t P60, <04>, [BOOK], {604}
|a SNK
|b SNK
|y VYP
|7 0
|p 17A0253289
|o snkID 96740
|i snkV 1643/2000
|0 0
|1 0
|4 0
|d 2000-10-10
|l 0
|r 2005-01-02 00:00:00
|w 2026-02-24
|